000 00820cam a2200229 a 4500
001 000018498
005 20200929165820.0
008 810311t19631963sp 000 0aspa
035 _a(DLC) 66090597
040 _aDO-SdBNP
_bspa
_cCarP
_dDLC
_dBNPHU
082 _a868.5
_bE79a
100 1 _aEstébanez Calderón, Serafín,
_d1799-1867.
_940015
245 1 3 _aLa Andalucía de Estébanez Calderón :
_bantología /
_cSerafín Estébanez Calderón ; compilación Jorge Campos.
260 _aMadrid :
_bTaurus,
_c1963.
300 _a142 p. ; :
_b19 cm.
490 1 _aSer y tiempo
_aTemas de España
_v30.
650 4 _aLiteratura española
_ySIGLO XIX
_93067
700 1 _aCampos, Jorge,
_ecomp.
_93499
830 0 _aSer y tiempo,
_pTemas de España ;
_v30.
_939657
910 _aCatalogación por derivada / LC
049 _aBNGR
999 _c18018
_d18018